| 000 | 00681 a2200253 4500 | ||
|---|---|---|---|
| 005 | 20260108105455.0 | ||
| 008 | 260106b |||||||| |||| 00| 0 eng d | ||
| 020 |
_a978-93-48816-81-8 _cRs. 1899.00 |
||
| 040 | _aMAIN | ||
| 082 |
_a610 _bB469T(6) |
||
| 100 | _aBhalwar, Rajvir | ||
| 245 | _aTextbook of community medicine | ||
| 250 | _a6th | ||
| 260 |
_bWolters Kluwer (India) _c2025 _aNew Delhi |
||
| 300 | _axxx, 944 | ||
| 650 | _aMedical Science | ||
| 650 | _aCommunity Medicine | ||
| 650 | _aPublic Health | ||
| 700 | _aDudeja, Puja, ed. | ||
| 700 | _aGupta, Rajul K, ed. | ||
| 700 | _aJindal, Ashok K, ed. | ||
| 700 | _aBhatnagar, Anuj, ed. | ||
| 942 | _cBK | ||
| 999 |
_c393674 _d393674 |
||